Movies Quiz

Random Movies or Actor Quiz
Score 0/60 Timer 07:00
5 Plays Today
% Correct
Taxi Driver
87.7%
The Shining
84.5%
The Graduate
81.4%
Casablanca
78.2%
Cape Fear
76.1%
Blood Diamond
74.6%
Inception
73.4%
Serpico
72.5%
Gone with the Wind
71.3%
Carlito's Way
70.1%
Dog Day Afternoon
69.5%
The African Queen
68.9%
Sleepy Hollow
68.5%
The Last of the Mohicans
68.2%
The Beach
67.9%
My Left Foot
67%
A Bronx Tale
65.9%
Ed Wood
63.1%
Midnight Cowboy
63%
The Maltese Falcon
62.9%
The Natural
62.9%
Mr. Smith Goes to Washington
62.4%
Benny & Joon
60.9%
The Horse Whisperer
59.8%
The Basketball Diaries
58.9%
Out of Africa
58.6%
Easy Rider
58.3%
Public Enemies
55.2%
Rear Window
55.2%
The Untouchables
54.6%
% Correct
In the Name of the Father
53.3%
Prizzi's Honor
51.7%
Hoffa
51.2%
It's a Wonderful World
50.8%
Hamlet
48.1%
Five Easy Pieces
45.8%
Frankie & Johnny
44.3%
The Philadelphia Story
43.6%
The Age of Innocence
43%
Glengarry Glen Ross
42.7%
Midnight Run
42.3%
It Happened One Night
42.3%
The Crucible
41.5%
Papillon
40%
Three Days of the Condor
39%
Brubaker
37.9%
The Caine Mutiny
37.4%
Straw Dogs
35.8%
The Boys From Brazil
35.3%
Mutiny on the Bounty
32.4%
High Sierra
31%
Runaway Jury
30.2%
The Misfits
30.1%
Rebecca
29.6%
Spartacus
27.8%
Body of Lies
27.7%
The Greatest Show on Earth
24.1%
Dead Man
22.8%
Sleuth
20.7%
Teacher's Pet
14%
Remove Ads.
Support Sporcle.
Get the best of Sporcle when you Go Orange. This ad-free experience offers more features, more stats, and more fun while also helping to support Sporcle. Thank you for becoming a member.

You're not logged in!

Compare scores with friends on all Sporcle quizzes.
OR
Log In

Show Comments

Extras

Top Quizzes Today


Score Distribution

Your Account Isn't Verified!

In order to create a playlist on Sporcle, you need to verify the email address you used during registration. Go to your Sporcle Settings to finish the process.

Report this User

Report this user for behavior that violates our Community Guidelines.

Details: